000 00492nam a2200217Ia 4500
008 210210b1941 xxu||||| |||| 00| 0 eng d
041 _aeng
082 _a822/96
100 _aBELLOC (Hilaire)
245 _aSilence of the sea and other essays
260 _aLondon
_bCassell and Company Ltd
_c1941
650 _athe
650 _aSilence
650 _asea
650 _aother
650 _aof
650 _aessays
650 _aand
690 _aEnglish Prose
906 _a012283
999 _c131068
_d131068